000
00298nam a22001337a 4500
003
SGT
082
_a
616.024
_b
C02A
100
_a
ARORA,RITU
245
_a
COMBATING FEVER: FEVER OF UNKNOWN-ORIGIN
260
_a
INDIA
_b
B.JAIN PUB
_c
2002
300
_a
294
650
_a
HOMOEOPATHIC
942
_2
ddc
_c
BK
999
_c
20480
_d
20480